| 000 | 01004nam a22002537a 4500 | ||
|---|---|---|---|
| 005 | 20170124103020.0 | ||
| 010 | _aA-990216 | ||
| 020 | _c250.00 | ||
| 035 | _aA-990216 | ||
| 037 | _bCen Lib/Ret | ||
| 040 |
_aDPL _bHN |
||
| 082 |
_aउ _bतिवारी |
||
| 100 |
_aतिवारी, प्रहलाद _960196 |
||
| 245 |
_aप्रतिनायक / _cप्रहलाद तिवारी |
||
| 246 |
_aPratinayak / _bby Prahlaad Tiwari |
||
| 260 |
_aदिल्ली _bअभिरुचि प्रकाशन _c1999 |
||
| 270 |
_a3/114, कर्ण गली, विश्वास नगर, शहदरा _bदिल्ली _e110032 |
||
| 300 |
_a272पृ. _c19सेमी(सजिल्द ) |
||
| 650 |
_aहिंदी साहित्य _x _z _960197 |
||
| 650 |
_aहिंदी उपन्यास _960198 |
||
| 650 |
_aHindi literature _v _960199 |
||
| 650 |
_aHindi fiction _927248 |
||
| 942 |
_2ddc _cHN _hउ _mतिवारी |
||
| 999 |
_c115164 _d115164 |
||